000 01584nam a2200349 4500
003 EG-GICUC
005 20260121101155.0
008 251107s1958 ua ||||fr|||| 00| 0 ara d
040 _a EG-GICUC
_bara
_c EG-GICUC
_d EG-GICUC
_erda
041 0 _aara
082 0 4 _221
_a341.8
_bع ز . ق
092 0 4 _221
099 _aLaw1 12 341.8 ع ز . ق 4 ed - 1958
100 0 _aعز الدين عبد الله
_eمؤلف.
245 1 2 _aالقانون الدولي الخاص المصري:
_cعز الدين عبد الله .
_p في الجنسية والموطن وتمتع الاجانب بالحقوق(مركز الاجانب)
_nالجزء الاول
250 _aالطبعة الرابعة
264 1 _aالقاهرة :
_bمكتبة النهضة المصرية،
_c1958.
300 _a630 ؛صفحة
_c24 سم
_bإيضاحيات، صور، مثيليات ؛
336 _2rda content
_atext
337 _2rda media
_aComputer
338 _2rda carrier
_aOnline Resource
500 _aهذه النسخة مخصصة للطلبة
504 _aيحتوي على اراجاعات ببليوجرافية
546 _aالنص أغلبه باللغة العربية بعض النصوص الإنجليزية والفرنسية
650 1 _aالقانون الدولى الخاص
_zمصر
_2qrmak
650 1 _aالأجانب -- مركز قانوني --
_xقانون دولي
_2qrmak
650 1 _aالجنسية
_xقانون دولي
_2qrmak
651 1 _2qrmak
856 4 0 _uhttps://fll.law.cu.edu.eg/fulltext/bks/B12-00843.pdf
905 _a75
942 _2ddc
_n0
_cBK
_e21
999 _c41677
_d41677